000 00629nam a2200241Ia 4500
003 OSt
005 20221007100333.0
006 a|||||r|||| 00| 0
007 ta
008 221006b |||||||| |||| 00| 0 eng d
024 _a4,256
037 _cTextual
040 _aLCO
_cLCO
_beng
041 _2eng
_aeng
082 _aV2,32:3, L9
100 _aSRIVASTAVA Sits
_9701530
245 0 _aConstitution and the functioning of Rajya Sabha
260 _aDelhi
_bChug pub.
_c1979
300 _a360
650 _aCONSTITUTION
942 _hV2,32:3, L9
_cTEXL
999 _c1173819
_d1173819